Dictionary of the arts / (Record no. 136530)

MARC details
000 -LEADER
fixed length control field 00536nam a2200193 4500
010 ## - LIBRARY OF CONGRESS CONTROL NUMBER
LC control number A-905580
020 ## - INTERNATIONAL STANDARD BOOK NUMBER
International Standard Book Number 1860195024
035 ## - SYSTEM CONTROL NUMBER
System control number A-905580
037 ## - SOURCE OF ACQUISITION
Source of stock number/acquisition Cen Lib / Ret
040 ## - CATALOGING SOURCE
Original cataloging agency DPL
Language of cataloging EN
082 ## - DEWEY DECIMAL CLASSIFICATION NUMBER
Classification number 700.35
Item number DIC
245 ## - TITLE STATEMENT
Title Dictionary of the arts /
260 ## - PUBLICATION, DISTRIBUTION, ETC. (IMPRINT)
Place of publication, distribution, etc London
Name of publisher, distributor, etc Brockhampton Press
Date of publication, distribution, etc 1997
270 ## - ADDRESS
Address 20 Bloomsbury street
City London
300 ## - PHYSICAL DESCRIPTION
Extent 564p ;
Other physical details 27cm(Hb)
650 ## - SUBJECT ADDED ENTRY--TOPICAL TERM
Topical term or geographic name as entry element Arts -- Dictionaries.
650 ## - SUBJECT ADDED ENTRY--TOPICAL TERM
Topical term or geographic name as entry element Artists -- Biography -- Dictionaries.
942 ## - ADDED ENTRY ELEMENTS (KOHA)
Source of classification or shelving scheme Dewey Decimal Classification
Koha item type English Books
Classification part 700.35
Call number suffix DIC
Holdings
Withdrawn status Lost status Source of classification or shelving scheme Damaged status Not for loan Home library Current library Date acquired Source of acquisition Total Checkouts Full call number Barcode Date last seen Copy number Price effective from Koha item type
    Dewey Decimal Classification     Central Library Central Library 04/03/2016 Cen Lib/Ret   700.35 DIC A-905580 04/03/2016 1 04/03/2016 English Books

© Delhi Public Library
Hit Counter
free hit counter